| 000 | 00697nam a2200229 i 4500 | ||
|---|---|---|---|
| 001 | 88898 | ||
| 003 | ES-MaACL | ||
| 005 | 20230906175951.0 | ||
| 007 | t| | ||
| 008 | 041230s1993 be ||||1| fre d | ||
| 080 | _a94(55) | ||
| 080 | _a930.85(55) | ||
| 100 | 1 |
_aGesché-Koning, N. _956522 |
|
| 245 | 1 | 0 |
_aIran / _cN. Gesché-Koning, G. Van Deuren. |
| 260 |
_aBruxelles : _bMusées royaux d'Art et d'Histoire, _c1993. |
||
| 300 |
_a144 p. : _bil. ; _c30 cm. |
||
| 651 | 4 |
_aIrán- _xHistoria. _98851 |
|
| 651 | 4 |
_aIrán- _xCivilización. _98850 |
|
| 700 | 1 |
_aDeuren, G. van. _943978 |
|
| 710 | 2 |
_aMusées royaux d'art et d'histoire (Bruselas) _9139873 |
|
| 852 |
_aES-MaACL _jE-10744 _bR.134995 |
||
| 999 |
_c88898 _d88898 |
||